000
00305 a2200145 4500
001
72718
020
_a
040
_c
Anchieta - Colégio São Paulo
240
1
0
_a
Os ambientes e o clima
_l
por
245
1
0
_a
Os ambientes e o clima
300
_a
59
362
0
_a
1990
650
4
_a
Ecologia
942
_c
BK
999
_c
72718
_d
72718